MDQL
is popping MORE tags! Check the
thread
!
Quizzes
Events
Quiz Creation
Community
Videos
Private Events
Remove Ads
Sign In
Join for FREE
Feedback
Dark Mode
Quiz Categories
Sports
Geography
Music
Movies
Television
Just For Fun
Miscellaneous
History
Literature
Language
Science
Gaming
Entertainment
Religion
Holiday
For Kids
Quiz Lab
Recent
Popular Today
Quiz Kudos Today
Editor Picks
Curator Picks
Quizzes by...
Day
Popularity
Type
Ratings
Length
Year
Community
Subscriptions
Recent Discussions
Orange Saloon
Badges
Playlists
Quests
Create
Leaderboards
Showdown
Live 5
Trivia Bingo
Activity
Puzzle Library
Sporcle Events
Private Events
Virtual Trivia
Globe League
Become a Host
Pub Owners
SporcleCon
Opinionation
Our Games
Videos
Blog
Mobile Apps
Partnerships
Remove Ads and Go Orange
Feedback
Gaming
Video Games
Board Games
Card Games
Pokémon
Mario
Nintendo
Minecraft
Console
Toys
Legend of Zelda
Gaming
Video Games
Board Games
Card Games
Pokémon
Mario
Nintendo
Minecraft
Console
Toys
Legend of Zelda
Random Quiz
Search Sporcle
×
Quiz Lab
Quiz Lab
Gaming
Pokémon
Type in answers that appear in a list
Type in answers that appear in a list
Classic
Best Score? Go Orange.
Pokemon Sun and Moon Pokedex Fairy Types Stats
Can you name the Pokemon In Sun and Moon Pokedex that are Fairy Types?
By
QSole
7m
26 Questions
113 Plays
113 Plays
113 Plays
Comments
Comments
Give Quiz Kudos
Give Quiz Kudos
-
- Ratings
hide this ad
Replay
Link that replays current quiz
Next Quiz
Link to next quiz in quiz playlist
You Got
0%
They Got
Avg Score
88%
Avg Friend Score
Upgrade to see
Score Distribution
Jump to the score distribution portion of the page
Score
0/26
Timer
07:00
0
Plays Today
Gen
Pokemon
% Correct
Gen 7
Primarina
93.8%
Gen 1
Clefairy
93.8%
Gen 7
Cutiefly
92.9%
Gen 2
Cleffa
92.9%
Gen 1
Clefable
92.9%
Gen 2
Igglybuff
92%
Gen 1
Jigglypuff
92%
Gen 1
Wigglytuff
92%
Gen 7
Mimikyu
92%
Gen 7
Ribombee
91.2%
Gen 1/
7
Ninetales
90.3%
Gen 5
Cottonee
89.4%
Gen 6
Klefki
89.4%
Gen
Pokemon
% Correct
Gen 6
Carbink
88.5%
Gen 7
Tapu Koko
88.5%
Gen 7
Tapu Lele
87.6%
Gen 7
Tapu Fini
87.6%
Gen 7
Tapu Bulu
86.7%
Gen 5
Whimsicott
85.8%
Gen 7
Magearna
85.8%
Gen 6
Sylveon
84.1%
Gen 7
Morelull
83.2%
Gen 7
Comfey
83.2%
Gen 7
Shiinotic
82.3%
Gen 2
Snubbull
81.4%
Gen 2
Granbull
81.4%
Quiz Playlist
Details
Report
Send in Message
Add To Playlist
Classic:
Type in answers that appear in a list
Last Updated: Oct 9, 2017
Quiz Scoreboard
CHALLENGE
Sign Up to Join the Scoreboard
Show All
Scores
Hide
Comments
May contain spoilers
Recently Published
Street Fighter Characters
by Artimus82
Gaming
60s
9x9 Crossword: Cartoon Network
by jackfrog10
Miscellaneous
3m
College Basketball Coaching Resumes
by pancakes188
Sports
9m
More to Explore
Quiz From the Vault
Featured Blog Post
Where Did the Easter Bunny Come From?
hide this ad
You Might Also Like...
Tags
Pokémon Quiz
Fairy
gen
Moon
Pokedex
sun
Today's Top Quizzes in Gaming
Browse Gaming
hide this ad
Today's Top Quizzes in Pokémon
Browse Pokémon
Top Contributed Quizzes in Gaming
1
5-to-1: Consoles
2
7-to-1: Board Game Piece Blitz
3
5-to-1: Legend of Zelda
4
League of Legends Pro Players by Career/Team History
5
Destiny 2 exotic weapons by perk icons
6
Ultimate Genshin Impact Logic Puzzle (up to 4.3)
7
Franchise by Action Figure
8
Who's on the WWE 2K24 Cover?
9
Genshin Impact Logic Puzzle Quiz
10
Order the Pokémon Regions
Explore More
Trending Topics
Crossword
Kpop
Anime
NBA
Marvel
Harry Potter
Disney
WWE
The Office
Pokémon
Song
Soccer
Country
NFL
Puzzle
hide this ad
More By:
QSole
Quiz
Plays
Rating
Category
Featured
Created
Pokemon Sword & Shield NEW Pokemon
6,218
3.57
Gaming
May 30, 2019
All Super Smash Bros Ultimate Characters
5,169
5.00
Gaming
Jun 13, 2018
Gigantamax Pokemon in Sword & Shield
1,715
4.00
Gaming
Nov 5, 2019
Genshin Impact Playable Characters
1,335
Gaming
Jun 29, 2021
Pokemon Galarian Forms
1,028
3.00
Gaming
Nov 5, 2019
Go to Creator's Profile
Score Distribution
Quiz Creator Spotlight
QSole
Follow
Send a Message
Quizzes Created
-
Created Quiz Play Count
-
More By This Creator
Popular Quizzes Today
1
Find the US States - No Outlines Minefield
2
Find the Countries of Europe - No Outlines Minefield
3
The Countries of the World
4
Find the US States
5
Risky Map Clicking: Biggest States A-Z
6
US States
7
Popular People in 1961
8
Movies - When Are They Set?
More Gaming Quizzes
Board Game by Famous Spaces
Editor's Pick
Trending Quizzes
Risky Map Clicking: Least Populous States A-Z
Countries of the World: 200 Million BC
Billboard Blitz: Aretha Franklin
1-10 Letter G Words
Famous Russians: Author or Composer?
Recently Updated
Leaping Animals
pecheneg
Reality TV Shows (A-Z)
bhenderson79
Rickey Henderson's Hall of Fame Teammates
pecheneg
Champions League XIs: Arsenal
pecheneg
Quick Pick: Celebrities in WWE's Hall of Fame
aduchscher
A-Z Keypad Blitz II
pecheneg
Multiple Oscar Actors
pecheneg
Mystery Phrase Blitz: Oscar 'Best Actors'
pecheneg
F. Scott Fitzgerald Novels
LTH
Pick 3 Villains
ddd62291
Trending Topics
Kpop
Crossword
Anime
NBA
Marvel
Harry Potter
Disney
Pokémon
Song
Puzzle
Soccer
NFL
Country
WWE
The Office
Your Account Isn't Verified!
In order to create a playlist on Sporcle, you need to verify the email address you used during registration. Go to your
Sporcle Settings
to finish the process.
Report this User
Report this user for behavior that violates our
Community Guidelines
.
Details:
Send Report
Go to the Sporcle.com Mobile Site →
Comments